000 00627nam a22001577a 4500
003 OSt
005 20151021101219.0
008 151021b xxu||||| |||| 00| 0 eng d
040 _cRUA
082 _aAVM NHE 2009 B090 Or.1
100 _92578
_aNHEV, SOKHEANG.
245 _astudy on farmer's cattle raising in boset district, kompongspeu province (ការសិក្សាលើការចិញ្ចឹមគោរបស់កសិករ​នៅស្រុកបរសេដ្ធ ខេត្តកំពង់ស្ពឺ)
260 _aPhnom Penh
_bRUA
_c2009
300 _aviii, 42p.
_bill.
_c29cm.
942 _2ddc
_cAVM
999 _c2425
_d2425